| 000 | 00500nam a2200181 a 4500 | ||
|---|---|---|---|
| 005 | 20140310183141.0 | ||
| 008 | 021017s19uu xx 00 eng d | ||
| 020 | _a0751306282 | ||
| 050 |
_aHD 66 _b.H456 1998 |
||
| 100 | _aHeller, Robert | ||
| 245 |
_aManaging teams / _cRobert Heller. |
||
| 260 |
_aLondon : _bDorling Kindersley, _c1998. |
||
| 300 |
_a72 p. : _bill. col. ; _c17 cm. |
||
| 521 | _aBSBA | ||
| 650 |
_aTeams in the workplace _xmanagement |
||
| 942 |
_cBK _2lcc _kFOR |
||
| 999 |
_c19398 _d19398 |
||